[Event "DVM U12 2024"]
[Site "Heidelberg GER"]
[Date "2024.12.30"]
[Round "7"]
[White "Lieberknecht, Pascal"]
[Black "Mi Plaza, Luis Leo Manuel"]
[Result "1/2-1/2"]
[Termination "normal"]
[Board "10.2"]
[WhiteElo "1212"]
[BlackElo "1702"]
[WhiteClock "01:19:39"]
[BlackClock "00:37:46"]
[WhiteTeam "SV 1947 Walldorf"]
[BlackTeam "SK Bebenhausen 1992"]
[PlyCount "67"]
[WhiteFideId "34667865"]
[BlackFideId "34647783"]
[EventCountry "GER"]
[EventRounds "7"]
[EventType "team-swiss"]
[EventDate "2024.12.26"]

1. e4 {[%clk 01:30:59]} c5 {[%clk 01:30:36]} {[%emt 00:00:24]} 2. Nf3 {[%clk
01:31:01]} {[%emt 00:00:28]} d6 {[%clk 01:30:29]} {[%emt 00:00:37]} 3. d4
{[%clk 01:31:14]} {[%emt 00:00:17]} cxd4 {[%clk 01:30:14]} {[%emt 00:00:45]} 4.
Nxd4 {[%clk 01:31:37]} {[%emt 00:00:07]} Nf6 {[%clk 01:30:13]} {[%emt
00:00:31]} 5. Nc3 {[%clk 01:31:43]} {[%emt 00:00:25]} g6 {[%clk 01:29:58]}
{[%emt 00:00:45]} 6. Bc4 {[%clk 01:31:30]} {[%emt 00:00:43]} Bg7 {[%clk
01:29:36]} {[%emt 00:00:51]} 7. Bg5 {[%clk 01:31:21]} {[%emt 00:00:40]} O-O
{[%clk 01:28:14]} {[%emt 00:01:51]} 8. Qd2 {[%clk 01:31:40]} {[%emt 00:00:11]}
Nc6 {[%clk 01:28:06]} {[%emt 00:00:39]} 9. Nxc6 {[%clk 01:31:38]} {[%emt
00:00:32]} bxc6 {[%clk 01:28:00]} {[%emt 00:00:35]} 10. O-O {[%clk 01:31:48]}
{[%emt 00:00:20]} Bd7 {[%clk 01:26:31]} {[%emt 00:02:00]} 11. Rad1 {[%clk
01:32:00]} {[%emt 00:00:17]} Rb8 {[%clk 01:18:36]} {[%emt 00:08:26]} 12. Bb3
{[%clk 01:32:02]} {[%emt 00:00:29]} Be6 {[%clk 01:17:14]} {[%emt 00:01:52]} 13.
f3 {[%clk 01:28:23]} {[%emt 00:04:08]} Qc7 {[%clk 01:10:09]} {[%emt 00:07:34]}
14. Rfe1 {[%clk 01:27:04]} {[%emt 00:01:49]} Bxb3 {[%clk 01:09:06]} {[%emt
00:01:33]} 15. cxb3 {[%clk 01:27:24]} {[%emt 00:00:09]} Rb4 {[%emt 00:03:10]}
16. Rc1 {[%clk 01:27:29]} {[%emt 00:00:23]} Rfb8 {[%clk 01:00:58]} {[%emt
00:05:59]} 17. Bxf6 {[%clk 01:27:52]} {[%emt 00:00:08]} Bxf6 {[%clk 00:58:04]}
{[%emt 00:03:25]} 18. Nd5 {[%clk 01:28:17]} {[%emt 00:00:05]} Qb7 {[%clk
00:53:09]} {[%emt 00:05:24]} 19. Nxb4 {[%clk 01:27:36]} {[%emt 00:01:11]} Qxb4
{[%clk 00:53:20]} {[%emt 00:00:19]} 20. Qxb4 {[%clk 01:26:34]} {[%emt
00:01:31]} Rxb4 {[%clk 00:53:31]} {[%emt 00:00:19]} 21. Rxc6 {[%clk 01:26:59]}
{[%emt 00:00:05]} Bxb2 {[%clk 00:52:41]} {[%emt 00:01:21]} 22. Rc4 {[%clk
01:25:50]} {[%emt 00:01:39]} Rb5 {[%clk 00:51:27]} {[%emt 00:01:42]} 23. Re2
{[%clk 01:25:56]} {[%emt 00:00:26]} Ba3 {[%clk 00:50:50]} {[%emt 00:01:07]} 24.
Rc7 {[%clk 01:24:49]} {[%emt 00:01:37]} Bc5+ {[%clk 00:49:27]} {[%emt
00:01:53]} 25. Kf1 {[%clk 01:24:53]} {[%emt 00:00:26]} Kf8 {[%clk 00:48:05]}
{[%emt 00:01:52]} 26. e5 {[%clk 01:25:10]} {[%emt 00:00:14]} Bb6 {[%clk
00:46:23]} {[%emt 00:02:11]} 27. Rc8+ {[%clk 01:23:42]} {[%emt 00:01:59]} Kg7
{[%clk 00:46:37]} {[%emt 00:00:15]} 28. exd6 {[%clk 01:24:04]} {[%emt
00:00:07]} exd6 {[%emt 00:01:24]} 29. Rb8 {[%clk 01:20:43]} {[%emt 00:03:50]}
Rc5 {[%clk 00:39:25]} {[%emt 00:06:49]} 30. Rb7 {[%clk 01:20:39]} {[%emt
00:00:34]} Rc1+ {[%clk 00:37:19]} {[%emt 00:02:36]} 31. Re1 {[%clk 01:20:26]}
{[%emt 00:00:43]} Rc2 {[%clk 00:37:20]} {[%emt 00:00:30]} 32. Re2 {[%clk
01:20:42]} {[%emt 00:00:15]} Rc1+ {[%clk 00:37:36]} {[%emt 00:00:14]} 33. Re1
{[%clk 01:21:06]} {[%emt 00:00:06]} Rc2 {[%clk 00:37:46]} {[%emt 00:00:20]} 34.
Re2 {[%clk 01:19:39]} {[%emt 00:01:54]} 1/2-1/2

[Event "DVM U12 2024"]
[Site "Heidelberg GER"]
[Date "2024.12.30"]
[Round "7"]
[White "Liu, Zichen"]
[Black "Katzschner, Tim"]
[Result "1-0"]
[Termination "normal"]
[Board "10.3"]
[WhiteElo "1563"]
[BlackElo "925"]
[WhiteClock "01:23:31"]
[BlackClock "01:24:01"]
[WhiteTeam "SK Bebenhausen 1992"]
[BlackTeam "SV 1947 Walldorf"]
[PlyCount "71"]
[WhiteFideId "34659366"]
[EventCountry "GER"]
[EventRounds "7"]
[EventType "team-swiss"]
[EventDate "2024.12.26"]

1. e4 {[%clk 01:30:56]} {[%emt 00:00:04]} c6 {[%clk 01:30:53]} {[%emt
00:00:06]} 2. d4 {[%clk 01:30:57]} {[%emt 00:00:30]} d5 {[%clk 01:31:12]}
{[%emt 00:00:10]} 3. exd5 {[%clk 01:30:39]} {[%emt 00:00:49]} cxd5 {[%clk
01:31:34]} {[%emt 00:00:09]} 4. c4 {[%clk 01:30:33]} {[%emt 00:00:37]} e6
{[%clk 01:31:37]} {[%emt 00:00:24]} 5. Nc3 {[%clk 01:30:15]} {[%emt 00:00:49]}
Nf6 {[%clk 01:31:34]} {[%emt 00:00:31]} 6. Nf3 {[%clk 01:29:42]} {[%emt
00:01:06]} Be7 {[%clk 01:31:22]} {[%emt 00:00:40]} 7. Bd3 {[%clk 01:29:18]}
{[%emt 00:00:56]} O-O {[%clk 01:31:32]} {[%emt 00:00:18]} 8. O-O {[%clk
01:29:22]} {[%emt 00:00:26]} Nc6 {[%clk 01:30:25]} {[%emt 00:01:37]} 9. a3
{[%clk 01:28:52]} {[%emt 00:01:03]} Bd6 {[%clk 01:29:59]} {[%emt 00:00:54]} 10.
c5 {[%clk 01:27:22]} {[%emt 00:02:01]} Bc7 {[%clk 01:29:31]} {[%emt 00:00:56]}
11. Bc2 {[%clk 01:27:01]} {[%emt 00:00:53]} b6 {[%clk 01:29:06]} {[%emt
00:00:53]} 12. Qd3 {[%clk 01:23:47]} {[%emt 00:03:45]} bxc5 {[%clk 01:25:54]}
{[%emt 00:03:42]} 13. Bg5 {[%clk 01:22:34]} {[%emt 00:01:43]} cxd4 {[%clk
01:25:11]} {[%emt 00:01:11]} 14. Bxf6 {[%clk 01:22:55]} {[%emt 00:00:11]} g6
{[%clk 01:23:46]} {[%emt 00:01:55]} 15. Bxd8 {[%clk 01:23:18]} {[%emt
00:00:09]} Rxd8 {[%clk 01:23:57]} {[%emt 00:00:16]} 16. Nxd4 {[%clk 01:23:24]}
{[%emt 00:00:25]} Ne5 {[%clk 01:23:54]} {[%emt 00:00:30]} 17. Qe2 {[%clk
01:22:51]} {[%emt 00:01:03]} Rb8 {[%clk 01:23:57]} {[%emt 00:00:26]} 18. f4
{[%clk 01:22:44]} {[%emt 00:00:41]} Nd7 {[%clk 01:23:29]} {[%emt 00:00:54]} 19.
Nc6 {[%clk 01:23:10]} {[%emt 00:00:07]} Rb6 {[%clk 01:22:45]} {[%emt 00:01:09]}
20. Nxd8 {[%clk 01:23:18]} {[%emt 00:00:28]} Ba6 {[%clk 01:22:56]} {[%emt
00:00:14]} 21. Bd3 {[%clk 01:23:08]} {[%emt 00:00:43]} Bxd3 {[%clk 01:22:51]}
{[%emt 00:00:36]} 22. Qxd3 {[%clk 01:22:54]} {[%emt 00:00:45]} Bxd8 {[%clk
01:22:52]} {[%emt 00:00:28]} 23. b4 {[%clk 01:21:44]} {[%emt 00:01:41]} Rc6
{[%clk 01:22:22]} {[%emt 00:00:56]} 24. Rfe1 {[%clk 01:20:31]} {[%emt
00:01:45]} Bf6 {[%clk 01:22:27]} {[%emt 00:00:23]} 25. Rac1 {[%clk 01:20:34]}
{[%emt 00:00:29]} d4 {[%clk 01:22:35]} {[%emt 00:00:15]} 26. Ne4 {[%clk
01:20:41]} {[%emt 00:00:33]} Rxc1 {[%clk 01:22:46]} {[%emt 00:00:18]} 27. Nxf6+
{[%clk 01:21:05]} {[%emt 00:00:06]} Nxf6 {[%clk 01:22:53]} {[%emt 00:00:22]}
28. Rxc1 {[%clk 01:21:31]} {[%emt 00:00:05]} a6 {[%clk 01:23:03]} {[%emt
00:00:17]} 29. Qxa6 {[%clk 01:21:57]} {[%emt 00:00:07]} Kg7 {[%clk 01:22:54]}
{[%emt 00:00:36]} 30. Rd1 {[%clk 01:22:15]} {[%emt 00:00:16]} Nh5 {[%clk
01:23:09]} {[%emt 00:00:12]} 31. Rxd4 {[%clk 01:22:33]} {[%emt 00:00:14]} f6
{[%clk 01:23:23]} {[%emt 00:00:13]} 32. Qxe6 {[%clk 01:22:49]} {[%emt
00:00:18]} Kh6 {[%clk 01:23:21]} {[%emt 00:00:27]} 33. Qh3 {[%clk 01:23:05]}
{[%emt 00:00:18]} f5 {[%clk 01:23:35]} {[%emt 00:00:13]} 34. Qh4 {[%clk
01:23:12]} {[%emt 00:00:26]} Kg7 {[%clk 01:23:50]} {[%emt 00:00:11]} 35. Rd7+
{[%clk 01:23:37]} {[%emt 00:00:10]} Kh6 {[%clk 01:24:01]} {[%emt 00:00:16]} 36.
Qg5# {[%clk 01:23:31]} {[%emt 00:00:08]} 1-0